|
|
|
|
| LEADER |
00000naa2a2200000 4500 |
| 001 |
420405 |
| 005 |
20231101073352.0 |
| 035 |
|
|
|a (RuTPU)RU\TPU\prd\77952
|
| 090 |
|
|
|a 420405
|
| 100 |
|
|
|a 20100309a1975 k y0rusy50 ca
|
| 101 |
0 |
|
|a rus
|
| 102 |
|
|
|a RU
|
| 200 |
1 |
|
|a Влияние поверхностно-активных сред на плотность энергии сцепления при разрушении диэлектриков
|f А. А. Воробьев, В. Д. Евсеев
|
| 320 |
|
|
|a Библиогр.: 10 назв.
|
| 461 |
|
0 |
|0 (RuTPU)RU\TPU\prd\191
|t Известия вузов. Физика
|f Министерство общего и профессионального образования Российской Федерации ; Томский Госуниверситет
|d 1958-
|
| 463 |
|
1 |
|0 (RuTPU)RU\TPU\prd\76803
|t № 12
|v C. 105-110
|d 1975
|
| 610 |
1 |
|
|a труды учёных ТПУ
|
| 700 |
|
1 |
|a Воробьев
|b А. А.
|c российский физик
|c ректор Томского политехнического института, профессор
|f 1909-1981
|g Александр Акимович
|2 stltpush
|3 (RuTPU)RU\TPU\pers\12805
|
| 701 |
|
1 |
|a Евсеев
|b В. Д.
|c горный инженер
|c профессор Томского политехнического университета
|f 1947-
|g Виктор Дмитриевич
|2 stltpush
|3 (RuTPU)RU\TPU\pers\26127
|
| 801 |
|
1 |
|a RU
|b 63413507
|c 20100309
|
| 801 |
|
2 |
|a RU
|b 63413507
|c 20130321
|g RCR
|
| 942 |
|
|
|c BK
|